000 00360nam a2200133Ia 4500
008 231129s2002||||xx |||||||||||||| ||spa||
020 _a302173-6
040 _bspa
082 _aR 036.02 G964
245 0 _aGuinness World Records
260 _c2002
264 _aGuinness World records ; Planeta.
942 _2ddc
_cBKS
999 _c14827
_d14827